Регионална библиотека "Любен Каравелов" - Русе

[Уич] Witch - Свят от мъгла (Запис номер 63936)

MARC детайли
000 -Лидер
Контролно поле с фиксирана дължина 01395nam a2200361 c 4500
003 - Код на организацията, давaща контролен номер
Контролно поле BLK
005 - Дата и час на последна редакция
Контролно поле 20250621124655.0
008 - Елементи от данни с фиксирана дължина
fixed length control field 180408b bul|||||r ||||||| ||bul||
010 ## - Наследен системен номер
LC control number KNG00068196000
020 ## - Международен стандартен номер на книга ISBN
Международен стандартен номер на книга ISBN 954-446-876-5
-- издат.: Егмонт България
040 ## - Източник на каталожния запис
Идентификатор на билиотеката - собственик на записа BLK
041 ## - Код за език
Код за езика на текст/звукозапис или на отделно заглавие Български
Код за езика КДБФ Български
080 ## - УДК
Текстов определител УДК Датска литература
УДК код - определител по УДК 821.113.4
УДК определител -93-312.9
УДК - код + определител 821.113.4-93-312.9
100 1# - Редна дума - Автор
Автор Екен, Сесили
Авторска отговорност първи автор
R(LIN) 66832
139 ## - Редно поле
Редна дума Екен, Сесили
Авторски знак Еке - Е 41
245 10 - Сведения за заглавието
Заглавие [Уич] Witch - Свят от мъгла
Редно поле (дума) Сесили Екен; прев. Нина Руева.
257 ## - Страна на издаване
Страна на създаване/издаване Дания
260 ## - Област на издателските данни
-- София
Име на издателя, разпространителя и проч. Егмонт България
Година на издаване 2005
Печатница София : Лито Балкан
300 ## - Физическа характеристика
Страници 128 с.
Илюстрации и др. с цв. ил.
Размери/Мащаб 18 см
380 ## - Жанр
Жанр Детска худож. лит.
500 ## - Общи забележки
Забележка Ориг. загл. The Wells of Fog. - Изд. на Disney Enterprises. - Офс. изд.
653 ## - Ключова дума – ненормативна
Ключова дума фантастични приказки
653 ## - Ключова дума – ненормативна
Ключова дума литература за деца
653 ## - Ключова дума – ненормативна
Ключова дума детска литература
653 ## - Ключова дума – ненормативна
Ключова дума WITCH
700 1# - Други автори (авторска отговорност)
Лично име Руева, Нина
Автороска отговорност (Описва отношението между автора и произведението) прев.
9 (RLIN) 368110
852 ## - Местоположение
Форматна сигнатура Цб І 32157
856 4# - Електронен адрес и достъп
Електронен формат pdf - файл
Път до файла /url/
856 4# - Електронен адрес и достъп
Електронен формат pdf - файл
Път до файла /url/
942 ## - АРТИКУЛИ
Вид на библиотечния материал Книги
Скрит в OPAC Не
Koha issues (borrowed), all copies 2
944 ## - СЪЗДАВАНЕ И РЕДАКЦИЯ на ЗАПИСА
Създаване/Редакция Създаване
Дата на регистрацията/редакция 27.09.2006
Статус, дата на статуса Виолета Тройчева
Служител, извършил регистрацията/редакцията 30552
944 ## - СЪЗДАВАНЕ И РЕДАКЦИЯ на ЗАПИСА
Създаване/Редакция Редакция
Дата на регистрацията/редакция 20.11.2014
Статус, дата на статуса ф /
Служител, извършил регистрацията/редакцията Людмила_Стоянова
999 ## - СИСТЕМНИ КОНТРОЛНИ НОМЕРА
Koha biblionumber 63936
Koha biblioitemnumber 63936
Наличности
Код за отписване Код за изгубен артикул Код за повреда Коз за рестрикции Код за отдаване Артикулен № Име на библиотеката - собственик Име на библиотеката, в която се намира в момента Статус (Текущо местоположение) Дата на вписване в системата Местоположение - отдел Цена в лева Инвентарен номер Систематично азбучна сигнатура Баркод Номер на екземпляра Цена в евро Служебна бележка Служебен тип на артикула Източник на класификационната схема
  Не е изгубен Не е повреден без рестрикции ползва се в читалня 105991 Регионална библиотека "Любен Каравелов" Русе Регионална библиотека "Любен Каравелов" Русе Хранилище 2006-09-27 Хранилище 4.99 120000705406 Цб І 32157 120000705406 1 2.55 Дост: Dp Вид: Д N: 40 Дата: 21.09.2005 Книги  
Изтеглен Не е изгубен Не е повреден без рестрикции заемане за дома 105992 Регионална библиотека "Любен Каравелов" Русе Регионална библиотека "Любен Каравелов" Русе Детски отдел 2006-12-06 Детски отдел 4.99 120000707235 ДХ 820/899/Е 41 120000707235 2 2.55 Дост: Pk Вид: Ф N: 46354 Дата: 05.12.2006 Дата инв: 07.08.2015 Бележки инв: Д2015 Книги Universal Decimal Classification
Изтеглен Не е изгубен Не е повреден без рестрикции заемане за дома 105993 Регионална библиотека "Любен Каравелов" Русе Регионална библиотека "Любен Каравелов" Русе Детски отдел 2006-12-06 Детски отдел 4.99 120000707236 ДХ 820/899/Е 41 120000707236 3 2.55 Дост: Pk Вид: Ф N: 46354 Дата: 05.12.2006 Дата инв: 07.08.2015 Бележки инв: Д2015 Книги Universal Decimal Classification
Изтеглен Не е изгубен Не е повреден без рестрикции заемане за дома 105994 Регионална библиотека "Любен Каравелов" Русе Регионална библиотека "Любен Каравелов" Русе Детски отдел 2006-12-06 Детски отдел 4.99 120000707237 ДХ 820/899/Е 41 120000707237 4 2.55 Дост: Pk Вид: Ф N: 46354 Дата: 05.12.2006 Дата инв: 07.08.2015 Бележки инв: Д2015 Книги Universal Decimal Classification
  Не е изгубен Не е повреден без рестрикции заемане за дома 105995 Регионална библиотека "Любен Каравелов" Русе Регионална библиотека "Любен Каравелов" Русе Детски отдел 2014-09-12 Детски отдел 4.99 120000780769 ДХ 820/899/Е 41 120000780769 5 2.55 Дост: DA Вид: А N: 18 Дата: 12.09.2014 Дата инв: 07.08.2015 Бележки инв: Д2015 Книги  
Vip Innovations Ltd, Rousse, Bulgaria 2025